00565cam a22002171 4500001001300000003000400013005001700017008004100034010001700075035002000092040001800112042001200130050001700142100004000159245004500199260001100244300001900255500003900274650001700313999001700330sa 63001465 DLC20260227111927.0890705s1962 ii 000 0 urdo  asa 63001465  a(OCoLC)19963627 aDLCcWaUdDLC apremarc00aPK2184b.A791 aAśka, Upendranātha,d1910-1996.10aUrdū kī behatarīna g̲h̲azaleṃ. c[1962] a136 p.c19 cm. aIn Urdu, in Devanagari characters. 0aUrdu poetry. c53972d53972